Povrchová úprava kovů I /

Gespeichert in:
Bibliographische Detailangaben
1. Verfasser: Krejčík, Vladimír (Verfasst von)
Format: Buch
Veröffentlicht: Praha : SNTL, 1987
Tags: Tag hinzufügen
Keine Tags, Fügen Sie das erste Tag hinzu!

MARC

LEADER 00000nam a22000003a 4500
001 stu15708
005 20150617225757.7
008 ------s1987----cs----------------------d
040 |a STU  |b slo 
041 0
044 |a cs 
080 |a 621.795 
100 1 |a Krejčík, Vladimír  |4 aut 
245 1 |a Povrchová úprava kovů I /  |c [aut.]Krejčík,Vladimír 
260 |a Praha :  |b SNTL,  |c 1987 
300 |a 168 s :  |b Obr.,tab.,grafy,lit 
996 |b C80943  |c C*80943  |l CCVI  |s P  |a 0  |w stu15708_0001